| 000 | 00379nam a2200133Ia 4500 | ||
|---|---|---|---|
| 005 | 20251222144822.0 | ||
| 008 | 251222s9999||||xx |||||||||||||| ||spa|| | ||
| 020 | _a958-81-7585-2 | ||
| 082 | _a001.420.7/Q63 | ||
| 100 | _aQuintero Mejía, Marieta | ||
| 245 | 0 | _aQué significa investigar en educación | |
| 264 | _bUniversidad Distrital Francisco José de Caladas | ||
| 942 | _cLIB | ||
| 999 |
_c20509 _d20509 |
||